2020 College Basketball AP Poll - Statistics

General Stats
  • This quiz has been taken 26 times
    19 since last reset
  • The average score is 16 of 25
Answer Stats
Hint Answer % Correct
#1 Kansas
89%
#9 Michigan State
89%
#17 Wisconsin
89%
#20 Auburn
78%
#3 Dayton
78%
#4 Florida State
78%
#25 Iowa
78%
#19 Ohio State
78%
#10 Villanova
78%
#11 Duke
67%
#2 Gonzaga
67%
#8 Kentucky
67%
#13 Oregon
67%
#6 San Diego State
67%
#5 Baylor
56%
#22 Houston
56%
#12 Maryland
56%
#15 Seton Hall
56%
#23 Butler
44%
#18 BYU
44%
#7 Creighton
44%
#14 Louisville
44%
#16 Virginia
44%
#24 West Virginia
44%
#21 Illinois
33%
No matching quizzes found
Score Distribution
Percent of People with Each Score
Percentile by Number Answered
Your Score History
You have not taken this quiz since the last reset